000
00283nam a22001217a 4500
999
_c
164862
_d
164862
082
_a
_b
100
_a
Nirmala Jain
245
_a
Hindi aalochana ki beesvin sadi/
_c
by Nirmala Jain.
260
_a
New Delhi:
_b
Radhakrishna,
_c
2006.
300
_a
108p.
650
_a
942
_c
BK